| 000 | 00668nam a2200217 u 4500 | ||
|---|---|---|---|
| 005 | 20230623063603.0 | ||
| 008 | 111107s2006 mx r 000 0 spa d | ||
| 020 | _a9700769062 (10 dígitos) | ||
| 020 | _a9786070907791 (13 dígitos) | ||
| 035 | _aUPN01000182445 | ||
| 049 | _aI | ||
| 050 | 4 |
_aPZ74.7 _bG6.2 |
|
| 100 | 1 |
_aGoldman, Judy, _d1955- _931867 |
|
| 245 | 1 | 3 |
_aEl brebaje de Pánfilo / _cJudy Goldman ; il. Iker Vicente. |
| 260 |
_aMéxico : _bPorrúa, _c2006. |
||
| 300 |
_a52 p. : _bil. col. |
||
| 440 | 0 |
_aGusano de luz. _pPorrúa infantil |
|
| 650 | 4 |
_aCuentos infantiles mexicanos _97723 |
|
| 650 | 4 |
_aCUENTOS HUMORISTICOS _911283 |
|
| 905 | _aInfantil | ||
| 999 |
_c154548 _d154548 |
||